Classement ATP/Janvier 2020 - Statistiques

Statistiques générales
  • Ce quiz a été pris 222 fois
  • Le résultat moyen est 39 sur 100
Statistiques - réponses
Rang Joueur Pays % Correct
2 Novak Djokovic Serbie
100%
3 Roger Federer Suisse
100%
1 Rafael Nadal Espagne
99%
10 Gael Monfils France
97%
6 Stefanos Tsitsipas Grèce
94%
7 Alexander Zverev Allemagne
91%
4 Dominic Thiem Autriche
91%
5 Daniil Medvedev Russie
90%
29 Jo-Wilfried Tsonga France
90%
13 Kei Nishikori Japon
88%
16 Stan Wawrinka Suisse
88%
11 David Goffin Belgique
82%
61 Richard Gasquet France
79%
20 Grigor Dimitrov Bulgarie
75%
15 Denis Shapovalov Canada
74%
24 Benoit Paire France
72%
12 Fabio Fognini Italie
72%
19 John Isner États-Unis
71%
8 Matteo Berrettini Italie
68%
30 Nick Kyrgios Australie
68%
23 Andrey Rublev Russie
66%
55 Gilles Simon France
66%
39 Marin Cilic Croatie
65%
9 Roberto Bautista Agut Espagne
65%
21 Félix Auger-Aliassime Canada
64%
14 Diego Schwartzman Argentine
61%
22 Lucas Pouille France
60%
31 Milos Raonic Canada
58%
18 Alex De Minaur Australie
57%
57 Ugo Humbert France
57%
17 Karen Khachanov Russie
53%
78 Jannik Sinner Italie
51%
27 Pablo Carreno Busta Espagne
51%
28 Borna Coric Croatie
49%
43 Adrian Mannarino France
47%
65 Pierre-Hugues Herbert France
45%
54 Casper Ruud Norvège
44%
91 Kevin Anderson Afrique du Sud
42%
33 Cristian Garin Chili
40%
47 Frances Tiafoe États-Unis
40%
32 Taylor Fritz États-Unis
40%
26 Nikoloz Basilashvili Géorgie
38%
37 Hubert Hurkacz Pologne
37%
73 Yoshihito Nishioka Japon
37%
53 Cameron Norrie Royaume-Uni
36%
56 Alexander Bublik Kazakhstan
32%
51 Jérémy Chardy France
32%
83 Corentin Moutet France
31%
34 Dusan Lajovic Serbie
31%
35 Jan Lennard Struff Allemagne
31%
36 Reilly Opelka États-Unis
30%
42 Daniel Evans Royaume-Uni
29%
45 Pablo Cuevas Uruguay
28%
74 Mikael Ymer Suède
24%
59 Miomir Kecmanovic Serbie
24%
38 Laslo Djere Serbie
23%
90 Tommy Paul États-Unis
23%
99 Lloyd Harris Afrique du Sud
22%
44 Sam Querrey États-Unis
22%
60 Joao Sousa Portugal
21%
69 Kyle Edmund Royaume-Uni
21%
52 Lorenzo Sonego Italie
21%
46 Radu Albot Moldavie
21%
62 Feliciano Lopez Espagne
20%
49 Fernando Verdasco Espagne
20%
63 Jordan Thompson Australie
20%
77 Nicolas Jarry Chili
20%
40 Filip Krajinovic Serbie
18%
67 Mikhail Kukushkin Kazakhstan
18%
87 Alejandro Davidovich Fokina Espgane
17%
93 Damir Dzumhur Bosnie-Herzégovine
17%
70 Marton Fucsovics Hongrie
17%
88 Soonwoo Kwon Corée du Sud
17%
41 Arlbert Ramos-Vinolas Espagne
16%
76 Federico Delbonis Argentine
16%
72 Andreas Seppi Italie
15%
25 Guido Pella Argentine
15%
75 Hugo Dellien Bolivie
15%
48 John Millman Australie
15%
66 Ricardas Berankis Lituanie
15%
71 Marco Cecchinato Italie
14%
89 Thiago Monteiro Brésil
14%
97 Alexei Popyrin Australie
12%
58 Aljaz Bedene Slovénie
12%
86 Jaume Munar Espagne
12%
79 Philipp Kohlschreiber Allemagne
12%
82 Grégoire Barrère France
10%
95 Ivo Karlovic Croatie
9%
92 Leonardo Mayer Argentine
9%
64 Pablo Andujar Espagne
9%
80 Roberto Carballès Baena Espagne
8%
85 Steve Johnson États-Unis
8%
68 Tennys Sandgren États-Unis
8%
98 Egor Gerasimov Biélorussie
6%
50 Juan Ignacio Londero Argentine
6%
94 Dominik Kopfer Allemagne
3%
100 James Duckworth Australie
3%
96 Salvatore Caruso Italie
3%
84 Stefano Travaglia Italie
3%
81 Yasutaka Uchiyama Japon
2%
Aucun quiz correspondant
Distribution des résultats
% des personnes avec chaque résultat
Percentile par nombre de réponses
Votre historique - résultats
Vous n’avez pas pris ce quiz